| 000 | 00395cam a22001217a 4500 | ||
|---|---|---|---|
| 008 | 180718b1994 xxu||||| |||| 00| 0 eng d | ||
| 082 | _aA81x54 91/15/PT7 | ||
| 100 | _aCensus of India 1991 | ||
| 245 | _aManipur: tables on houses and household amenities | ||
| 260 |
_aDelhi _bThe Controller of Publications _c1994 |
||
| 300 | _a319+p. | ||
| 440 | _aCensus of India 1991. Series-15, Manipur. Part-VII | ||
| 999 |
_c482778 _d482778 |
||